[Event "DSJ Weihnachtsturnier U20 2020"]
[Site "https://play.chessbase.com/en/play?room=DSJWeihnachtU20"]
[Date "2020.12.29"]
[Round "1"]
[White "Wang, Xinyuan"]
[Black "Bergmann, Lennart"]
[Result "1-0"]
[Termination "normal"]
[Board "8.4"]
[WhiteElo "1759"]
[BlackElo "1505"]
[WhiteTeam "Karlsruher SF 1853"]
[BlackTeam "VSG 1880 Offenbach"]
[PlyCount "91"]
[WhiteFideId "16221494"]
[BlackFideId "16270657"]
[EventRounds "7"]
[EventType "team-swiss"]
[EventDate "2020.12.29"]

1. d4 {[%emt 0:00:00]} Nf6 {[%emt 0:00:02]} 2. c4 { [%emt 0:00:01]} d6 {[%emt
0:00:04]} 3. Nc3 {[%emt 0:00:03]} Nbd7 {[%emt 0:00:02]} 4. e4 {[%emt 0:00:11]}
e5 {[%emt 0:00:02]} 5. d5 {[%emt 0:00:03]} Nc5 { [%emt 0:00:05]} 6. Qc2 {[%emt
0:00:04]} a5 {[%emt 0:00:06]} 7. g3 {[%emt 0:00:10]} Be7 {[%emt 0:00:16]} 8.
Bg2 {[%emt 0:00:02]} O-O {[%emt 0:00:09]} 9. Nge2 {[%emt 0:00:02]} Nh5 {[%emt
0:01:36]} 10. O-O {[%emt 0:00:14]} f5 {[%emt 0:00:18]} 11. f4 {[%emt 0:00:07]}
fxe4 {[%emt 0:00:27]} 12. Nxe4 {[%emt 0:00:06]} exf4 {[%emt 0:00:39]} 13. Nxf4
{[%emt 0:00:19]} Nxf4 {[%emt 0:00:07]} 14. Bxf4 {[%emt 0:00:07]} Bf5 {[%emt
0:00:05]} 15. Be3 {[%emt 0:00:18]} Nxe4 {[%emt 0:00:25]} 16. Bxe4 {[%emt
0:00:22]} Bxe4 {[%emt 0:00:06]} 17. Qxe4 {[%emt 0:00:00]} Bf6 {[%emt 0:00:20]}
18. Bd4 {[%emt 0:00:48]} Bxd4+ {[%emt 0:00:26]} 19. Qxd4 {[%emt 0:00:00]} Rxf1+
{[%emt 0:00:06]} 20. Rxf1 {[%emt 0:00:00]} Qe7 { [%emt 0:00:06]} 21. Qc3 {[%emt
0:00:45]} Qe5 {[%emt 0:00:51]} 22. Qxe5 { [%emt 0:00:12]} dxe5 {[%emt 0:00:02]}
23. Re1 {[%emt 0:00:01]} Re8 {[%emt 0:00:02]} 24. Kf2 {[%emt 0:00:01]} Kf7
{[%emt 0:00:01]} 25. Ke3 {[%emt 0:00:01]} Kf6 {[%emt 0:00:03]} 26. Ke4 {[%emt
0:00:02]} Ke7 {[%emt 0:01:01]} 27. Rf1 { [%emt 0:00:42]} Kd6 {[%emt 0:00:28]}
28. Rf7 {[%emt 0:00:04]} Rg8 {[%emt 0:00:27]} 29. a3 {[%emt 0:00:17]} a4 {[%emt
0:00:19]} 30. h4 {[%emt 0:00:46]} h6 { [%emt 0:00:52]} 31. h5 {[%emt 0:00:06]}
b6 {[%emt 0:00:09]} 32. g4 {[%emt 0:00:07]} b5 {[%emt 0:00:20]} 33. cxb5 {[%emt
0:00:04]} Rb8 {[%emt 0:00:03]} 34. Rxg7 {[%emt 0:00:05]} Rxb5 {[%emt 0:00:02]}
35. Rg6+ {[%emt 0:00:01]} Ke7 { [%emt 0:00:02]} 36. Kxe5 {[%emt 0:00:03]} Rxb2
{[%emt 0:00:05]} 37. Rxh6 { [%emt 0:00:01]} Re2+ {[%emt 0:00:02]} 38. Kf5
{[%emt 0:00:01]} Rf2+ {[%emt 0:00:01]} 39. Kg5 {[%emt 0:00:05]} Rf3 {[%emt
0:00:08]} 40. Re6+ {[%emt 0:00:02]} Kf7 {[%emt 0:00:03]} 41. h6 {[%emt
0:00:01]} Rxa3 {[%emt 0:00:02]} 42. h7 { [%emt 0:00:03]} Rh3 {[%emt 0:00:03]}
43. Rh6 {[%emt 0:00:04]} Rxh6 {[%emt 0:00:25]} 44. Kxh6 {[%emt 0:00:00]} a3
{[%emt 0:00:01]} 45. h8=Q {[%emt 0:00:03]} a2 {[%emt 0:00:00]} 46. Qa1 {[%emt
0:00:01]} 1-0

[Event "DSJ Weihnachtsturnier U20 2020"]
[Site "https://play.chessbase.com/en/play?room=DSJWeihnachtU20"]
[Date "2020.12.29"]
[Round "1"]
[White "Mohammadi Nia, Borna"]
[Black "Schön, Florian"]
[Result "1-0"]
[Termination "normal"]
[Board "9.1"]
[WhiteElo "2079"]
[BlackElo "1642"]
[WhiteTeam "Schachgemeinschaft Porz 2"]
[BlackTeam "VfB Schach Leipzig"]
[PlyCount "73"]
[WhiteFideId "16207319"]
[BlackFideId "16259394"]
[EventRounds "7"]
[EventType "team-swiss"]
[EventDate "2020.12.29"]

1. e4 {[%emt 0:00:05]} e5 {[%emt 0:00:11]} 2. Nf3 {[%emt 0:00:05]} Nc6 { [%emt
0:00:02]} 3. Bb5 {[%emt 0:00:02]} Bc5 {[%emt 0:00:03]} 4. d3 {[%emt 0:00:11]}
d6 {[%emt 0:00:05]} 5. Nc3 {[%emt 0:00:04]} Nf6 {[%emt 0:00:04]} 6. h3 { [%emt
0:00:09]} h6 {[%emt 0:00:04]} 7. Be3 {[%emt 0:00:23]} Bb6 {[%emt 0:00:23] } 8.
Nd5 {[%emt 0:00:05]} O-O {[%emt 0:00:07]} 9. Nxb6 {[%emt 0:00:27]} axb6 { [%emt
0:00:08]} 10. c3 {[%emt 0:00:04]} Bd7 {[%emt 0:00:49]} 11. O-O {[%emt 0:00:04]}
Ne7 {[%emt 0:00:18]} 12. Bxd7 {[%emt 0:00:04]} Qxd7 {[%emt 0:00:03]} 13. Re1
{[%emt 0:00:04]} Rfe8 {[%emt 0:00:45]} 14. Qc2 {[%emt 0:00:48]} Qa4 { [%emt
0:00:28]} 15. b3 {[%emt 0:00:08]} Qb5 {[%emt 0:00:12]} 16. a4 {[%emt 0:00:19]}
Qc6 {[%emt 0:00:33]} 17. Bd2 {[%emt 0:00:12]} b5 {[%emt 0:00:05]} 18. a5 {[%emt
0:00:37]} b4 {[%emt 0:00:26]} 19. Rec1 {[%emt 0:00:43]} bxc3 { [%emt 0:00:03]}
20. Bxc3 {[%emt 0:00:05]} Ng6 {[%emt 0:00:18]} 21. g3 {[%emt 0:00:11]} Qb5
{[%emt 0:00:12]} 22. Bd2 {[%emt 0:00:30]} c6 {[%emt 0:00:03]} 23. Qc4 {[%emt
0:00:52]} Qxc4 {[%emt 0:00:12]} 24. bxc4 {[%emt 0:00:03]} d5 { [%emt 0:00:13]}
25. cxd5 {[%emt 0:00:07]} cxd5 {[%emt 0:00:02]} 26. exd5 { [%emt 0:00:02]} Nxd5
{[%emt 0:00:02]} 27. Rcb1 {[%emt 0:00:04]} Re7 {[%emt 0:00:04]} 28. Rb5 {[%emt
0:00:03]} Nf6 {[%emt 0:00:12]} 29. Rab1 {[%emt 0:00:10]} Rd8 {[%emt 0:00:23]}
30. Rxb7 {[%emt 0:00:28]} Rxb7 {[%emt 0:00:06]} 31. Rxb7 { [%emt 0:00:03]} Rxd3
{[%emt 0:00:00]} 32. a6 {[%emt 0:00:04]} Ra3 {[%emt 0:00:05]} 33. a7 {[%emt
0:00:07]} Kh7 {[%emt 0:00:02]} 34. Be3 {[%emt 0:00:20]} Nd5 {[%emt 0:00:23]}
35. Bc5 {[%emt 0:00:03]} f6 {[%emt 0:00:16]} 36. Rb8 {[%emt 0:00:06]} Nc7
{[%emt 0:00:02]} 37. Bxa3 {[%emt 0:00:04]} 1-0

[Event "DSJ Weihnachtsturnier U20 2020"]
[Site "https://play.chessbase.com/en/play?room=DSJWeihnachtU20"]
[Date "2020.12.29"]
[Round "1"]
[White "Feilhauer, Janick"]
[Black "Ramien, David"]
[Result "0-1"]
[Termination "normal"]
[Board "9.2"]
[WhiteElo "1488"]
[BlackElo "2181"]
[WhiteTeam "VfB Schach Leipzig"]
[BlackTeam "Schachgemeinschaft Porz 2"]
[PlyCount "64"]
[WhiteFideId "16266358"]
[BlackFideId "12948241"]
[EventRounds "7"]
[EventType "team-swiss"]
[EventDate "2020.12.29"]

1. d4 {[%emt 0:00:06]} Nf6 {[%emt 0:00:06]} 2. c4 {[%emt 0:00:16]} g6 {[%emt
0:00:02]} 3. Nc3 {[%emt 0:00:04]} Bg7 {[%emt 0:00:02]} 4. e4 {[%emt 0:00:03]}
d6 {[%emt 0:00:04]} 5. Be3 {[%emt 0:00:20]} O-O {[%emt 0:00:08]} 6. Nf3 {[%emt
0:00:35]} Nbd7 {[%emt 0:00:14]} 7. h3 {[%emt 0:00:14]} e5 {[%emt 0:00:09]} 8.
d5 {[%emt 0:00:02]} h6 {[%emt 0:00:18]} 9. Be2 {[%emt 0:00:05]} Nh5 {[%emt
0:00:06]} 10. Qd2 {[%emt 0:00:43]} Kh7 {[%emt 0:00:02]} 11. O-O {[%emt
0:00:28]} Nc5 {[%emt 0:01:00]} 12. b4 {[%emt 0:00:24]} Na6 {[%emt 0:00:27]} 13.
a3 {[%emt 0:00:12]} Nf4 {[%emt 0:00:03]} 14. Bxf4 {[%emt 0:00:02]} exf4 {[%emt
0:00:02]} 15. Qxf4 {[%emt 0:00:01]} Bxc3 {[%emt 0:00:02]} 16. Rac1 {[%emt
0:00:24]} Bg7 { [%emt 0:00:07]} 17. Qg3 {[%emt 0:01:05]} f5 {[%emt 0:00:46]}
18. Nh4 {[%emt 0:00:18]} Qg5 {[%emt 0:00:04]} 19. Qxg5 {[%emt 0:00:55]} hxg5
{[%emt 0:00:07]} 20. Nf3 {[%emt 0:00:03]} Bh6 {[%emt 0:00:17]} 21. exf5 {[%emt
0:00:31]} g4 { [%emt 0:00:23]} 22. hxg4 {[%emt 0:00:22]} Bxc1 {[%emt 0:00:03]}
23. Rxc1 { [%emt 0:00:05]} gxf5 {[%emt 0:00:05]} 24. Nd4 {[%emt 0:00:06]} fxg4
{[%emt 0:00:11]} 25. Bd3+ {[%emt 0:00:10]} Kg7 {[%emt 0:00:04]} 26. Re1 {[%emt
0:00:05]} Bd7 {[%emt 0:00:14]} 27. Re7+ {[%emt 0:00:14]} Rf7 {[%emt 0:00:02]}
28. Nf5+ { [%emt 0:00:05]} Bxf5 {[%emt 0:00:03]} 29. Rxf7+ {[%emt 0:00:02]}
Kxf7 {[%emt 0:00:02]} 30. Bxf5 {[%emt 0:00:01]} g3 {[%emt 0:00:05]} 31. f3
{[%emt 0:00:02]} Kf6 {[%emt 0:00:02]} 32. Be4 {[%emt 0:00:02]} Rh8 {[%emt
0:00:06]} 0-1

[Event "DSJ Weihnachtsturnier U20 2020"]
[Site "https://play.chessbase.com/en/play?room=DSJWeihnachtU20"]
[Date "2020.12.29"]
[Round "1"]
[White "Vecera, Fabio"]
[Black "Perkampus, Laurin"]
[Result "0-1"]
[Termination "normal"]
[Board "9.4"]
[WhiteElo "1527"]
[BlackElo "1920"]
[WhiteTeam "VfB Schach Leipzig"]
[BlackTeam "Schachgemeinschaft Porz 2"]
[PlyCount "104"]
[WhiteFideId "16281705"]
[BlackFideId "16232283"]
[EventRounds "7"]
[EventType "team-swiss"]
[EventDate "2020.12.29"]

1. e4 {[%emt 0:00:21]} c6 {[%emt 0:00:06]} 2. Nf3 {[%emt 0:00:04]} d5 {[%emt
0:00:01]} 3. Nc3 {[%emt 0:00:03]} dxe4 {[%emt 0:00:01]} 4. Nxe4 {[%emt
0:00:02]} Nf6 {[%emt 0:00:01]} 5. Nxf6+ {[%emt 0:00:08]} exf6 {[%emt 0:00:00]}
6. Bc4 { [%emt 0:00:05]} Qe7+ {[%emt 0:00:04]} 7. Qe2 {[%emt 0:00:03]} Qxe2+
{[%emt 0:00:04]} 8. Bxe2 {[%emt 0:00:03]} Bd6 {[%emt 0:00:04]} 9. O-O {[%emt
0:00:04]} O-O {[%emt 0:00:25]} 10. d3 {[%emt 0:00:09]} Re8 {[%emt 0:00:08]} 11.
Re1 { [%emt 0:00:11]} Nd7 {[%emt 0:01:04]} 12. Be3 {[%emt 0:00:05]} Nf8 {[%emt
0:00:02]} 13. c3 {[%emt 0:00:05]} a5 {[%emt 0:00:06]} 14. d4 {[%emt 0:00:03]}
Be6 { [%emt 0:00:31]} 15. Bd3 {[%emt 0:00:05]} Ng6 {[%emt 0:00:13]} 16. Nd2
{[%emt 0:00:34]} f5 {[%emt 0:00:20]} 17. Nc4 {[%emt 0:00:15]} Bc7 {[%emt
0:00:02]} 18. Bd2 {[%emt 0:00:24]} Nf4 {[%emt 0:01:45]} 19. Bc2 {[%emt
0:00:16]} Bxc4 { [%emt 0:00:06]} 20. g3 {[%emt 0:00:25]} Nd3 {[%emt 0:01:03]}
21. b3 {[%emt 0:00:12]} Nxe1 {[%emt 0:00:03]} 22. Bxe1 {[%emt 0:00:11]} Be6
{[%emt 0:00:09]} 23. Bd2 {[%emt 0:00:07]} a4 {[%emt 0:00:05]} 24. bxa4 {[%emt
0:00:04]} g6 { [%emt 0:00:04]} 25. Bh6 {[%emt 0:00:07]} Bd5 {[%emt 0:00:05]}
26. Bd3 {[%emt 0:00:06]} Rxa4 {[%emt 0:00:03]} 27. Be3 {[%emt 0:00:30]} Bc4
{[%emt 0:00:08]} 28. Bc2 {[%emt 0:00:09]} Ra3 {[%emt 0:00:02]} 29. Rb1 {[%emt
0:00:32]} b5 {[%emt 0:00:05]} 30. Bb3 {[%emt 0:00:07]} Bxb3 {[%emt 0:00:04]}
31. axb3 {[%emt 0:00:00] } Rea8 {[%emt 0:00:07]} 32. Kg2 {[%emt 0:00:11]} Ra1
{[%emt 0:00:04]} 33. Rb2 { [%emt 0:00:02]} R8a2 {[%emt 0:00:02]} 34. Rd2 {[%emt
0:00:15]} Rxd2 {[%emt 0:00:02]} 35. Bxd2 {[%emt 0:00:00]} Rd1 {[%emt 0:00:06]}
36. Be3 {[%emt 0:00:04]} Rd3 {[%emt 0:00:01]} 37. c4 {[%emt 0:00:04]} Rxb3
{[%emt 0:00:01]} 38. d5 { [%emt 0:00:06]} cxd5 {[%emt 0:00:03]} 39. cxd5 {[%emt
0:00:00]} Rd3 {[%emt 0:00:01]} 40. d6 {[%emt 0:00:12]} Rxd6 {[%emt 0:00:05]}
41. Bf4 {[%emt 0:00:02]} Rc6 {[%emt 0:00:01]} 42. Bxc7 {[%emt 0:00:08]} Rxc7
{[%emt 0:00:00]} 43. h3 { [%emt 0:00:08]} b4 {[%emt 0:00:00]} 44. g4 {[%emt
0:00:11]} fxg4 {[%emt 0:00:00]} 45. hxg4 {[%emt 0:00:02]} b3 {[%emt 0:00:00]}
46. Kg3 {[%emt 0:00:02]} b2 {[%emt 0:00:00]} 47. f3 {[%emt 0:00:02]} b1=Q
{[%emt 0:00:01]} 48. Kh4 { [%emt 0:00:15]} Qh1+ {[%emt 0:00:03]} 49. Kg5 {[%emt
0:00:06]} Rc5+ {[%emt 0:00:02]} 50. Kf6 {[%emt 0:00:02]} Qxf3+ {[%emt 0:00:01]}
51. Ke7 {[%emt 0:00:04] } Qb7+ {[%emt 0:00:01]} 52. Kd8 {[%emt 0:00:04]} Rc8#
{[%emt 0:00:02]} 0-1

[Event "DSJ Weihnachtsturnier U20 2020"]
[Site "https://play.chessbase.com/en/play?room=DSJWeihnachtU20"]
[Date "2020.12.29"]
[Round "1"]
[White "Lohmann, Laurin"]
[Black "Goldbeck, Lars"]
[Result "1-0"]
[Termination "normal"]
[Board "10.1"]
[BlackTitle "FM"]
[WhiteElo "1736"]
[BlackElo "2235"]
[WhiteTeam "VfL Leipheim 1898"]
[BlackTeam "SC Bavaria Regensburg von 1881"]
[PlyCount "139"]
[WhiteFideId "16281594"]
[BlackFideId "16208188"]
[EventRounds "7"]
[EventType "team-swiss"]
[EventDate "2020.12.29"]

1. e4 {[%emt 0:00:04]} c5 {[%emt 0:00:02]} 2. c3 {[%emt 0:00:04]} e6 {[%emt
0:00:03]} 3. d4 {[%emt 0:00:03]} d5 {[%emt 0:00:01]} 4. e5 {[%emt 0:00:01]} Nc6
{ [%emt 0:00:02]} 5. Nf3 {[%emt 0:00:05]} Qb6 {[%emt 0:00:02]} 6. a3 {[%emt
0:00:02]} c4 {[%emt 0:00:11]} 7. Nbd2 {[%emt 0:00:05]} f6 {[%emt 0:00:01]} 8.
exf6 { [%emt 0:00:06]} Nxf6 {[%emt 0:00:00]} 9. g3 {[%emt 0:00:04]} Bd6 {[%emt
0:00:02]} 10. Bg2 {[%emt 0:00:03]} O-O {[%emt 0:00:02]} 11. O-O {[%emt
0:00:01]} e5 {[%emt 0:00:20]} 12. dxe5 {[%emt 0:00:05]} Bxe5 {[%emt 0:00:00]}
13. Re1 { [%emt 0:00:08]} Bg4 {[%emt 0:01:09]} 14. Qc2 {[%emt 0:00:29]} Bd6
{[%emt 0:00:12]} 15. Nf1 {[%emt 0:00:11]} Ne4 {[%emt 0:00:17]} 16. Be3 {[%emt
0:00:12]} Bc5 {[%emt 0:00:56]} 17. Nd4 {[%emt 0:00:24]} Nxd4 {[%emt 0:00:20]}
18. cxd4 { [%emt 0:00:11]} Bxd4 {[%emt 0:00:18]} 19. Bxd4 {[%emt 0:00:09]} Qxd4
{[%emt 0:00:00]} 20. Bxe4 {[%emt 0:00:01]} dxe4 {[%emt 0:00:04]} 21. Rxe4
{[%emt 0:00:09] Leiphm1-001 offers a draw} Rxf2 {[%emt 0:01:33]} 22. Rxd4
{[%emt 0:00:10]} Rxc2 {[%emt 0:00:05]} 23. Rxg4 {[%emt 0:00:04]} b5 {[%emt
0:00:02]} 24. b4 { [%emt 0:00:21]} Re8 {[%emt 0:00:05]} 25. Rd1 {[%emt
0:00:37]} Re7 {[%emt 0:00:11]} 26. Rf4 {[%emt 0:00:07]} h6 {[%emt 0:00:03]} 27.
Rd8+ {[%emt 0:00:08]} Kh7 {[%emt 0:00:01]} 28. Rd5 {[%emt 0:00:02]} a6 {[%emt
0:00:21]} 29. Rd6 {[%emt 0:00:05]} Ra7 {[%emt 0:00:11]} 30. Ne3 {[%emt
0:00:14]} Rc3 {[%emt 0:00:03]} 31. Nd5 {[%emt 0:00:08]} Rxa3 {[%emt 0:00:04]}
32. Rf2 {[%emt 0:00:16]} Rd3 { [%emt 0:00:11]} 33. Rd8 {[%emt 0:01:00]} a5
{[%emt 0:01:06]} 34. bxa5 {[%emt 0:00:25]} Rxa5 {[%emt 0:00:04]} 35. Rff8
{[%emt 0:00:02]} g5 {[%emt 0:00:15]} 36. Rf7+ {[%emt 0:00:23]} Kg6 {[%emt
0:00:02]} 37. Rf6+ {[%emt 0:00:05]} Kh5 { [%emt 0:00:08]} 38. Rdd6 {[%emt
0:00:50]} Ra1+ {[%emt 0:00:10]} 39. Kf2 { [%emt 0:00:26]} Ra2+ {[%emt 0:00:03]}
40. Kg1 {[%emt 0:00:03]} Ra1+ {[%emt 0:00:17]} 41. Kg2 {[%emt 0:00:06]} Ra2+
{[%emt 0:00:03]} 42. Rf2 {[%emt 0:00:16]} Rxf2+ {[%emt 0:00:57]} 43. Kxf2
{[%emt 0:00:00] Regensb1-001 offers a draw} Rd2+ {[%emt 0:00:25]} 44. Ke3
{[%emt 0:00:33]} Rb2 {[%emt 0:00:22]} 45. h3 { [%emt 0:00:09]} Rb3+ {[%emt
0:00:07]} 46. Kf2 {[%emt 0:00:02]} Rb2+ {[%emt 0:00:02]} 47. Kf3 {[%emt
0:00:08]} Rb3+ {[%emt 0:00:02]} 48. Ne3 {[%emt 0:00:01]} g4+ {[%emt 0:00:13]}
49. hxg4+ {[%emt 0:00:09]} Kg5 {[%emt 0:00:01]} 50. Rd4 { [%emt 0:00:03]} c3
{[%emt 0:00:12]} 51. Rd5+ {[%emt 0:00:05]} Kg6 {[%emt 0:00:04]} 52. Ke2 {[%emt
0:00:13]} Rb2+ {[%emt 0:00:17]} 53. Kd3 {[%emt 0:00:06]} b4 {[%emt 0:00:01]}
54. Rd6+ {[%emt 0:00:04]} Kf7 {[%emt 0:00:01]} 55. Rc6 { [%emt 0:00:09]} Rd2+
{[%emt 0:00:01]} 56. Kc4 {[%emt 0:00:06]} c2 {[%emt 0:00:02]} 57. Kxb4 {[%emt
0:00:03]} Rd4+ {[%emt 0:00:01]} 58. Ka5 {[%emt 0:00:19]} Rd3 {[%emt 0:00:01]}
59. Nf5 {[%emt 0:00:09]} Rd5+ {[%emt 0:00:02]} 60. Kb4 { [%emt 0:00:04]} h5
{[%emt 0:00:02]} 61. Rc7+ {[%emt 0:00:10]} Ke8 {[%emt 0:00:03]} 62. Rxc2 {[%emt
0:00:02]} hxg4 {[%emt 0:00:01]} 63. Ne3 {[%emt 0:00:07]} Rd3 {[%emt 0:00:01]}
64. Re2 {[%emt 0:00:08]} Kf7 {[%emt 0:00:03]} 65. Kc5 { [%emt 0:00:08]} Kg6
{[%emt 0:00:03]} 66. Kc4 {[%emt 0:00:09]} Ra3 {[%emt 0:00:01]} 67. Kd4 {[%emt
0:00:05]} Kg5 {[%emt 0:00:01]} 68. Rb2 {[%emt 0:00:08]} Ra4+ {[%emt 0:00:02]}
69. Nc4 {[%emt 0:00:03]} Ra5 {[%emt 0:00:02]} 70. Nxa5 { [%emt 0:00:03]} 1-0

[Event "DSJ Weihnachtsturnier U20 2020"]
[Site "https://play.chessbase.com/en/play?room=DSJWeihnachtU20"]
[Date "2020.12.29"]
[Round "1"]
[White "Arnhold, Steffi"]
[Black "Lohmann, Dominik"]
[Result "1-0"]
[Termination "normal"]
[Board "10.2"]
[WhiteElo "2031"]
[BlackElo "1786"]
[WhiteTeam "SC Bavaria Regensburg von 1881"]
[BlackTeam "VfL Leipheim 1898"]
[PlyCount "73"]
[WhiteFideId "12931365"]
[BlackFideId "16281527"]
[EventRounds "7"]
[EventType "team-swiss"]
[EventDate "2020.12.29"]

1. e4 {[%emt 0:00:01]} e5 {[%emt 0:00:10]} 2. Nf3 {[%emt 0:00:03]} Nc6 { [%emt
0:00:02]} 3. Bc4 {[%emt 0:00:01]} Bc5 {[%emt 0:00:04]} 4. c3 {[%emt 0:00:01]}
d6 {[%emt 0:00:32]} 5. d3 {[%emt 0:00:04]} Nf6 {[%emt 0:00:02]} 6. Nbd2 { [%emt
0:00:01]} O-O {[%emt 0:00:02]} 7. Bb3 {[%emt 0:00:06]} Be6 {[%emt 0:00:21]} 8.
Bc2 {[%emt 0:00:04]} Bb6 {[%emt 0:00:29]} 9. h3 {[%emt 0:00:10]} Qd7 { [%emt
0:00:07]} 10. Nf1 {[%emt 0:00:05]} Ne7 {[%emt 0:00:09]} 11. Ng3 {[%emt
0:00:04]} Ng6 {[%emt 0:00:03]} 12. O-O {[%emt 0:00:12]} h6 {[%emt 0:00:22]} 13.
Be3 {[%emt 0:00:22]} Rae8 {[%emt 0:00:52]} 14. Qd2 {[%emt 0:00:08]} Bxe3 {
[%emt 0:00:12]} 15. fxe3 {[%emt 0:00:03]} Nh7 {[%emt 0:00:20]} 16. d4 {[%emt
0:00:06]} Qd8 {[%emt 0:00:30]} 17. Nf5 {[%emt 0:00:06]} Ng5 {[%emt 0:00:24]}
18. Qf2 {[%emt 0:00:13]} Bc4 {[%emt 0:01:07]} 19. Rfe1 {[%emt 0:00:21]} Nxf3+ {
[%emt 0:00:21]} 20. Qxf3 {[%emt 0:00:03]} Nh4 {[%emt 0:00:24]} 21. Qg3 { [%emt
0:00:10]} Nxf5 {[%emt 0:00:16]} 22. exf5 {[%emt 0:00:00]} e4 {[%emt 0:00:09]}
23. Bb3 {[%emt 0:00:13]} Bxb3 {[%emt 0:00:06]} 24. axb3 {[%emt 0:00:00]} a6
{[%emt 0:00:04]} 25. Rf1 {[%emt 0:00:03]} Qg5 {[%emt 0:00:07]} 26. Qe1 { [%emt
0:00:20]} Re7 {[%emt 0:00:09]} 27. Rf4 {[%emt 0:00:02]} d5 {[%emt 0:00:16]} 28.
Qf2 {[%emt 0:00:02]} f6 {[%emt 0:00:21]} 29. Rg4 {[%emt 0:00:07]} Qh5 {[%emt
0:00:02]} 30. Rf1 {[%emt 0:00:03]} Kh8 {[%emt 0:00:10]} 31. Rg6 { [%emt
0:00:06]} c5 {[%emt 0:00:21]} 32. Kh2 {[%emt 0:00:03]} cxd4 {[%emt 0:00:02]}
33. cxd4 {[%emt 0:00:04]} Kh7 {[%emt 0:02:07]} 34. g4 {[%emt 0:00:04]} Qxg6
{[%emt 0:00:03]} 35. fxg6+ {[%emt 0:00:03]} Kxg6 {[%emt 0:00:00]} 36. Qf5+
{[%emt 0:00:02]} Kf7 {[%emt 0:00:01]} 37. Qxd5+ {[%emt 0:00:01]} 1-0

[Event "DSJ Weihnachtsturnier U20 2020"]
[Site "https://play.chessbase.com/en/play?room=DSJWeihnachtU20"]
[Date "2020.12.29"]
[Round "1"]
[White "Schwegler, Tim"]
[Black "Steinhauer, Artur"]
[Result "0-1"]
[Termination "normal"]
[Board "10.3"]
[WhiteElo "1623"]
[BlackElo "1462"]
[WhiteTeam "VfL Leipheim 1898"]
[BlackTeam "SC Bavaria Regensburg von 1881"]
[PlyCount "98"]
[BlackFideId "16263596"]
[EventRounds "7"]
[EventType "team-swiss"]
[EventDate "2020.12.29"]

1. e4 {[%emt 0:00:04]} c5 {[%emt 0:00:01]} 2. c3 {[%emt 0:00:02]} d5 {[%emt
0:00:02]} 3. exd5 {[%emt 0:00:02]} Qxd5 {[%emt 0:00:00]} 4. d4 {[%emt 0:00:01]}
Nf6 {[%emt 0:00:03]} 5. Nf3 {[%emt 0:00:01]} Nc6 {[%emt 0:00:03]} 6. Be2 {
[%emt 0:00:21]} Bg4 {[%emt 0:00:02]} 7. h3 {[%emt 0:00:02]} Bh5 {[%emt 0:00:03]
} 8. O-O {[%emt 0:00:05]} e6 {[%emt 0:00:04]} 9. Nbd2 {[%emt 0:00:04]} cxd4 {
[%emt 0:00:06]} 10. cxd4 {[%emt 0:00:14]} Be7 {[%emt 0:00:07]} 11. b3 {[%emt
0:00:18]} O-O {[%emt 0:00:06]} 12. Bb2 {[%emt 0:00:09]} Rfd8 {[%emt 0:00:09]}
13. Bc4 {[%emt 0:00:29]} Qa5 {[%emt 0:00:10]} 14. Qc2 {[%emt 0:00:06]} Rac8 {
[%emt 0:00:22]} 15. Bc3 {[%emt 0:00:05]} Bb4 {[%emt 0:00:13]} 16. Bb2 {[%emt
0:00:11]} Bxd2 {[%emt 0:01:44]} 17. Nxd2 {[%emt 0:00:07]} Nxd4 {[%emt 0:00:08]}
18. Bxd4 {[%emt 0:02:43]} Rxd4 {[%emt 0:00:05]} 19. b4 {[%emt 0:00:58]} Qc7 {
[%emt 0:00:19]} 20. Qb2 {[%emt 0:00:21]} Rxc4 {[%emt 0:00:37]} 21. Nxc4 { [%emt
0:00:07]} Be2 {[%emt 0:00:10]} 22. Rfc1 {[%emt 0:00:04]} Bxc4 {[%emt 0:00:03]}
23. b5 {[%emt 0:00:15]} Nd5 {[%emt 0:01:38]} 24. a4 {[%emt 0:00:18]} Qf4 {[%emt
0:01:00]} 25. Ra3 {[%emt 0:00:20]} Rc7 {[%emt 0:00:36]} 26. Rf3 { [%emt
0:00:07]} Qe4 {[%emt 0:00:13]} 27. Rg3 {[%emt 0:00:16]} f6 {[%emt 0:00:21]} 28.
Rg4 {[%emt 0:00:07]} Qd3 {[%emt 0:00:11]} 29. Rg3 {[%emt 0:00:10]} Qe2 {[%emt
0:00:49]} 30. Qd4 {[%emt 0:00:39]} b6 {[%emt 0:00:04]} 31. Re3 {[%emt 0:00:15]}
e5 {[%emt 0:00:08]} 32. Rxe2 {[%emt 0:00:37]} exd4 {[%emt 0:00:02]} 33. Rec2
{[%emt 0:00:01]} Nc3 {[%emt 0:00:03]} 34. Rd2 {[%emt 0:00:06]} Rd7 { [%emt
0:00:14]} 35. Kh2 {[%emt 0:00:22]} Rd5 {[%emt 0:00:14]} 36. g3 {[%emt 0:00:09]}
Kf7 {[%emt 0:00:03]} 37. Kg2 {[%emt 0:00:02] Leiphm1-003 offers a draw} Bb3
{[%emt 0:00:01]} 38. Kf3 {[%emt 0:00:05]} Bxa4 {[%emt 0:00:03]} 39. Ra1 { [%emt
0:00:18]} Kg6 {[%emt 0:00:06]} 40. Kg2 {[%emt 0:00:05]} Bxb5 {[%emt 0:00:04]}
41. Rxa7 {[%emt 0:00:03]} Ne4 {[%emt 0:00:01]} 42. Rd1 {[%emt 0:00:03]} d3
{[%emt 0:00:01]} 43. Ra3 {[%emt 0:00:02]} d2 {[%emt 0:00:03]} 44. Raa1 { [%emt
0:00:03]} Be2 {[%emt 0:00:01]} 45. Rdb1 {[%emt 0:00:05]} d1=Q {[%emt 0:00:03]}
46. Rxd1 {[%emt 0:00:01]} Rxd1 {[%emt 0:00:01]} 47. Ra4 {[%emt 0:00:04] } Ng5
{[%emt 0:00:03]} 48. h4 {[%emt 0:00:02]} Bf3+ {[%emt 0:00:01]} 49. Kh2 { [%emt
0:00:03]} Rh1# {[%emt 0:00:00]} 0-1